00497nam a2200145Ia 4500008004100000020001800041050002400059100002300083245009500106250001300201260005100214300002800265500005100293521000700344140609s9999 xx 000 0 und d a9789712351020 aPL 5531b.L712 2008 aLacia, Ferdilyn C. 4aThe literatures of the Philippines /cFerdilyn C. Lacia, Mark G. Fabella, Lydia L. Libunao aRev. ed. aManila, Philippines :bRex Book store,cc2008. a318 p. :bmap ;c23 cm. aIncludes bibliographical references and index. aGE